Spectacular realities : early mass culture in fin-de-siecle Paris
Αποθηκεύτηκε σε:
| Κύριος συγγραφέας: | |
|---|---|
| Μορφή: | Βιβλίο |
| Γλώσσα: | English |
| Δημοσίευση: |
Berkeley :
University of California Press,
1999
|
| Θέματα: | |
| Ετικέτες: |
Προσθήκη ετικέτας
Δεν υπάρχουν, Καταχωρήστε ετικέτα πρώτοι!
|
MARC
| LEADER | 00000nam a2200000 i 4500 | ||
|---|---|---|---|
| 001 | 1/58285 | ||
| 008 | 040628s1999 eng d | ||
| 020 | |a 0-520-22168-0 | ||
| 035 | |l 10073918 | ||
| 040 | |a GR-MY-UA |b gre |e aacr | ||
| 041 | 0 | |a eng | |
| 082 | 0 | |a 944.06 |2 (21) | |
| 100 | 1 | |a Schwartz, Vanessa R. | |
| 245 | 1 | 0 | |a Spectacular realities : |b early mass culture in fin-de-siecle Paris / |c Vanessa R. Schwartz |
| 260 | |a Berkeley : |b University of California Press, |c 1999 | ||
| 300 | |a xiii, 230 σ.; |b εικ.; |c 23 εκ. | ||
| 504 | |a Περιέχει βιβλιογραφία και ευρετήριο | ||
| 650 | 0 | 0 | |a Popular culture |z France |z Paris |x History |y 19th century. |
| 650 | 0 | 0 | |a Leisure industry |z France |z Paris. |
| 650 | 0 | 0 | |a Spectacular, The |x Government policy |z France |z Paris. |
| 651 | 0 | |a France |x Civilization |y 19th century. | |
| 852 | |a INST |b LESVOS |e 20040628 |h 944.06 SCH |p 005100030529 |q 005100030529 |t BK |y 0 | ||
| 901 | |a BIBL1-2004-2 | ||
| 909 | |a Λ |b 111118 | ||
| 920 | |a ΤΑΚΤΙΚΟΣ ΚΟΙΝΩΝΙΚΗΣ ΑΝΘΡΩΠΟΛΟΓΙΑΣ ΚΑΙ ΙΣΤΟΡΙΑΣ |y ΛΕΣΒΟΣ |z 2004-05 | ||
| 970 | |a ΧΡΙΣΤΟΦΑ |b ΝΙΚΗ |z 2004/06/28 | ||